000 00513nam a2200193Ia 4500
005 20250508161650.0
008 008 250505s9999 xx 000 0 eng d
037 _aTextual
040 _aFEDL
_beng
_cFEDL
041 _aeng
_2eng
084 _a591, HIC
_qFEDL
100 _aHickman Cleveland P
_9771255
245 0 _aIntegrated principles of zoology
250 _a4th
260 _aSaint Louis
_bC V Mosby Company
300 _a976p.
942 _cTEXL
_h591, HIC
999 _c1371430
_d1371430